| 000 | 00615nam a2200181Ia 4500 | ||
|---|---|---|---|
| 008 | 151202s9999||||xx |||||||||||||| ||und|| | ||
| 082 | _bPNVM-61762 | ||
| 100 | _aसोनवणी संजय. | ||
| 245 | _aथेंब थेंब मृत्यू. | ||
| 260 | _bपॅपिलॉन पब्लिकेशन पुणे. | ||
| 260 | _c61762 | ||
| 300 | _a120 | ||
| 600 | _aसोनवणी संजय. | ||
| 630 | _aथेंब थेंब मृत्यू. | ||
| 700 | _aसोनवणी संजय. | ||
| 730 | _aथेंब थेंब मृत्यू. | ||
| 942 | _cBOOK | ||
| 999 |
_c1328296 _d1328293 |
||